[Event "NED-ch U14"]
[Site "Almelo"]
[Date "2021.08.02"]
[Round "2"]
[White "Pancharajah, Abisan"]
[Black "Lopes, Samuel"]
[Result "1-0"]
[WhiteElo "1650"]
[BlackElo "1124"]
[PlyCount "167"]
[EventDate "2021.08.01"]
[EventType "swiss"]
[EventRounds "9"]
[EventCountry "NED"]
[SourceTitle "EXT 2022"]
[Source "ChessBase"]
[SourceDate "2021.10.06"]
[SourceVersion "1"]
[SourceVersionDate "2021.10.06"]
[SourceQuality "1"]

1. e4 c5 2. Nf3 e6 3. d4 cxd4 4. Nxd4 Nf6 5. Nc3 Nc6 6. Ndb5 Bb4 7. a3 Bxc3+ 8. Nxc3 h6 9. Bd3 d5 10. f3 0-0 11. 0-0 a6 12. Qe2 Rb8 13. Rd1 Re8 14. Qf2 b5 15. Bf4 Rb7 16. Ne2 d4 17. c3 dxc3 18. e5 cxb2 19. Rab1 Nd5 20. Qg3 Nxf4 21. Nxf4 Nxe5 22. Bh7+ Kxh7 23. Rxd8 Rxd8 24. Nh5 Ng6 25. Rxb2 Rbd7 26. h3 Rd5 27. Qc7 R5d7 28. Qc3 e5 29. Ng3 f5 30. Nf1 Rd3 31. Qa5 R8d4 32. Rd2 Ra4 33. Qc7 Rc4 34. Qb6 Rxa3 35. Ne3 Rcc3 36. Nd5 Rd3 37. Rxd3 Rxd3 38. Qd8 Nf4 39. Qxc8 Rxd5 40. Qxf5+ Ng6 41. h4 Rd1+ 42. Kh2 Rd6 43. h5 b4 44. hxg6+ Rxg6 45. Qe4 a5 46. Qxe5 Rb6 47. Qxa5 Rb8 48. Qf5+ Kh8 49. Qe5 Rb6 50. Qc7 Rf6 51. Qb8+ Kh7 52. Qxb4 h5 53. Qe4+ Kg8 54. Qe8+ Kh7 55. Kg1 Rh6 56. Qe4+ Kg8 57. Kf2 h4 58. Qg4 Kh7 59. Qh3 Kg8 60. g4 hxg3+ 61. Qxg3 Kh7 62. f4 Kg8 63. Kf3 Kh7 64. f5 Kg8 65. Kf4 Kh7 66. Qd3 Kh8 67. Kg5 Kg8 68. Qd5+ Kh7 69. Qf7 Kh8 70. Kf4 Kh7 71. Ke5 Kh8 72. Qe6 Kh7 73. Kd6 Rf6 74. Ke7 Rxe6+ 75. fxe6 Kg8 76. Kd7 g5 77. e7 g4 78. e8Q+ Kg7 79. Qe5+ Kh6 80. Qg3 Kh5 81. Ke6 Kg5 82. Ke5 Kh5 83. Kf6 Kh6 84. Qh4# 1-0